Presencia de España en Berberia central y oriental

Na minha lista:
Detalhes bibliográficos
Autor principal: García Figueras, Tomás (Autor)
Formato: Livro
Idioma:espanhol
Publicado em: Madrid, España Editora Nacional 1943
Assuntos:
Tags: Adicionar Tag
Sem tags, seja o primeiro a adicionar uma tag!

MARC

LEADER 00000nam a2200000 a 4500
001 UCO1317
003 CL-VaPUC
005 20250103100356.0
008 000512e19430000SP |||||||||||||||||spa|d
999 |c 287945  |d 287943 
040 |c Pontificia Universidad Católica de Valparaíso 
082 0 4 |a 946 GAR 1943  |2 21 
100 0 |a García Figueras, Tomás  |e author  |9 443323 
245 1 0 |a Presencia de España en Berberia central y oriental 
260 |a Madrid, España  |b Editora Nacional  |c 1943 
300 |a 364 páginas 
583 |a last modification  |c 20000512 00:00:00  |k Rodrigo Vera 
600 0 7 |a FELIPE II  |2 CL-VaPUC  |9 314006  |z ESPAÑA 
650 0 |a Historia de España  |9 315435 
650 0 |a Iglesia Católica  |z ESPAÑA  |9 256114 
650 0 |a Edad media  |z ESPAÑA  |9 258041 
650 0 |a Cruzadas  |z ESPAÑA  |9 319513 
650 7 |a ORDENES MILITARES  |2 CL-VaPUC  |9 440947  |z ESPAÑA 
650 0 |a Política exterior   |z ESPAÑA  |9 316628 
650 7 |a BATALLA DE LEPANTO  |2 CL-VaPUC  |9 442641  |z MAR JONICO 
852 |a BIBCUR 
942 |c BK  |2 ddc 
945 |d 20000512 00:00:00  |a rherrera 
952 |0 0  |1 0  |2 ddc  |4 0  |6 946_000000000000000_GAR_1943  |7 0  |8 X  |9 335047  |a BIBHIS  |b BIBHIS  |d 2019-11-20  |i 126933K  |o 946 GAR 1943  |p 126933K  |r 2024-01-30  |t 1  |w 2019-11-20  |y BK_X  |k HIS